| 000 | 00810cam a22002298i 4500 | ||
|---|---|---|---|
| 003 | OSt | ||
| 005 | 20260702121949.0 | ||
| 008 | 260702b |||||||| |||| 00| 0 eng d | ||
| 020 |
_a9781032193687 _q(hardback) |
||
| 020 |
_a9781032169903 _q(paperback) |
||
| 020 |
_z9781003258865 _q(ebook) |
||
| 040 |
_aKABLIB _beng _erda _cKABLIB |
||
| 082 | 0 | 0 |
_a428.0071 _223 _bDIV |
| 245 | 0 | 0 |
_aDiversity and inclusion in English language education : _bsupporting learning through research and practice / _cAnn-Marie Hunter (editor) |
| 264 | 1 |
_aNew York, NY : _bRoutledge, _cc2024 |
|
| 300 |
_axvii, 230 p. : _bill. _c23 cm |
||
| 504 | _aIncludes bibliographical references, index. | ||
| 650 | 0 | _aEnglish language | |
| 650 | 0 |
_aInclusive education. _95825 |
|
| 700 | 1 |
_aHunter, Ann-Marie, _eeditor. _915875 |
|
| 942 |
_2ddc _cBOOK |
||
| 999 |
_c6245 _d6245 |
||